ÚČINNÉ LÁTKY V KOZMETICKÝCH PRÍPRAVKOCH

Bibliographic Details
Main Author: K. K. (Author)
Format: Article
Language:Slovak

MARC

LEADER 00000nab a2200000ua 4500
001 vtls010769867
003 SK-MaSNL
005 20260304200700.0
008 250718s2011 xo |||||||||||||||||slo|
035 |a (urnnbn)urn:nbn:sk:snk:ar-a06ac2 
035 |a (uuid)0c64bd36-570c-4651-b23c-462c573fef5f 
035 |a urn:nbn:sk:snk-ab4xhe 
040 |a SNKBUCL  |b slo  |c SNKBUCL  |e AACR2 
041 0 |a slo 
044 |a xo  |c SK 
100 1 |a K. K.  |4 aut  |9 1123011 
245 1 0 |a ÚČINNÉ LÁTKY V KOZMETICKÝCH PRÍPRAVKOCH  |c K. K. 
773 0 |t Derma revue : pokožka - vlasy - nechty - zdravie - životný štýl  |g Roč. 9, č. 3 (2011), s. VIII 
850 |a Slovenská národná knižnica 
852 |a Slovenská národná knižnica 
954 |a odborná, vedecká literatúra pôvodná (slovenská)  |2 lita 
958 |a article3 
958 |a OND 
958 |a EUIPO 
999 |c 3090136  |d 3092066